00709nam a2200193Ia 4500003000900000008004100009020001800050040001600068080001900084100002900103245012000132260003700252300001500289490004800304650004300352942000700395999001700402952009600419IN-BaIIA211028s9999 xx 000 0 eng d a0-7923-2793-4 cIIA Library a523.9-337bSTE aStenflo, Jan Olof919303 0aSolar magnetic fieldsbpolarized radiation diagnosticscJan Olof Stenflo  aDordrechtbKluwer Academicc1994 axiv, 385p. aAstronomy and Space Science Library no. 189 aSolar Physics, Magnetic fields.921497 cBK c12294d12294 00104070aBANbKODcGENd1997-12-08l0o523.9-337/ STEp13210r2021-11-05w1997-12-08yBK